Horizon Zero Dawn Robot Enemies Quiz - Statistics

General Stats
  • This quiz has been taken 48 times
  • The average score is 17 of 25
Answer Stats
Answer % Correct
Watcher
97%
Thunderjaw
94%
Stormbird
86%
Strider
81%
Charger
75%
Glinthawk
75%
Grazer
75%
Ravager
75%
Sawtooth
72%
Broadhead
69%
Corruptor
67%
Longleg
67%
Snapmaw
67%
Deathbringer
64%
Lancehorn
64%
Rockbreaker
64%
Scrapper
64%
Trampler
64%
Fire Bellowback
61%
Shellwalker
61%
Stalker
61%
Tallneck
61%
Behemoth
58%
Freeze Bellowback
53%
Metal Devil
11%
No matching quizzes found
Score Distribution
Percent of People with Each Score
Percentile by Number Answered
Your Score History
You have not taken this quiz